000 00700nam a2200205Ia 4500
003 OSt
005 20260407140432.0
008 220926b |||||||| |||| 00| 0 eng d
037 _cReference Collections
040 _aRTL
_cRTL
_beng
041 _2eng
_aeng
084 _aX:9p2,N78 , L8
_qRTL
111 _aSeminar on Labour Relations in Organised and Unorganised Sectors (1978 : Delhi India)
_9375597
245 0 _aPapers
260 _aDelhi
_b"Department of Commerce, University of Delhi India "
_c1978
300 _avp.
_bIncludes bibliographical references and index
650 _aLabour Economics
942 _hX:9p2,N78 , L8
_cCC
_2CC
999 _c695114
_d695114